00778nam a2200193 a 4500003000200000005001700002008004100019050002900060100003000089245009500119260009300214300004000307504004100347650003500388650004300423650004200466650004100508650003500549020250220121303.0111115s19uu xx 00 eng d aPGS ML 3830b.R696 2011  aRodriguez, Leah Monica A. aMusic genres and emotional stability of SISC grade 6 students /cLeah Monica A. Rodriguez. aLas Piñas City, Philippines : bSouthville International School and Colleges, c2011. a24 pages :billustrations ;c28 cm. aIncludes bibliographical references. a MusicvPsychological aspects. aMusic and emotionvEffect on students. aMusic preferencesvEmotional effects. aChild psychologyvMusic and emotion. aEmotional stabilityvChildren.